Pays avec de plus de 50 athlètes aux Jeux Olympiques de 2026 - Statistiques

Statistiques générales
  • Ce quiz a été pris 128 fois
  • Le résultat moyen est 17 sur 19
Statistiques - réponses
Pays Nombre Athlètes % Correct
Canada 207
100%
États Unis 232
100%
France 160
100%
Italie 196
99%
Chine 125
98%
Allemagne 185
96%
Norvège 80
96%
Suède 110
96%
Japon 120
95%
Finlande 103
93%
Grande Bretagne 53
89%
Autriche 115
88%
Suisse 175
88%
Australie 53
85%
Corée du Sud 71
84%
Pologne 59
82%
République Tchèque 115
73%
Slovaquie 53
66%
Lettonie 67
38%
Aucun quiz correspondant
Distribution des résultats
% des personnes avec chaque résultat
Percentile par nombre de réponses
Votre historique - résultats
Vous n’avez pas pris ce quiz